Hodnotenie ekonomickej výkonnosti podniku vychádzajúce z koncepcie trvalo udržateľného rozvoja

Analýza ekonomického piliera udržateľnosti, nakoľko práve ten priamo zodpovedá finančnej oblasti podniku. Konštrukcia ukazovateľov udržateľnosti aplikovateľných na úrovni podnikov, ktoré môžu slúžiť ako alternatívny prístup k hodnoteniu ekonomickej výkonnosti podniku.

Salvato in:
Dettagli Bibliografici
Autore principale: Maciková, Lucia, 1990-
Natura: Capitolo di libro
Lingua:slovacco
Soggetti:
Tags: Aggiungi Tag
Nessun Tag, puoi essere il primo ad aggiungerne!!

MARC

LEADER 00000nla a2200000 4500
001 0237326
005 20240502073830.9
041 0 |a slo 
044 |a SK 
245 1 0 |a Hodnotenie ekonomickej výkonnosti podniku vychádzajúce z koncepcie trvalo udržateľného rozvoja  |c Lucia Maciková 
520 |a Analýza ekonomického piliera udržateľnosti, nakoľko práve ten priamo zodpovedá finančnej oblasti podniku. Konštrukcia ukazovateľov udržateľnosti aplikovateľných na úrovni podnikov, ktoré môžu slúžiť ako alternatívny prístup k hodnoteniu ekonomickej výkonnosti podniku. 
610 2 0 |a výkonnosť podniku 
610 2 0 |a rozvoj trvalo udržateľný 
610 2 0 |a meranie výkonnosti 
610 2 0 |a ukazovatele výkonnosti 
610 2 0 |a produkt domáci hrubý 
610 2 0 |a hodnota pridaná ekonomická 
100 1 |a Maciková, Lucia, 1990-